| 000 | 01064nam a2200313 i 4500 | ||
|---|---|---|---|
| 001 | 19416 | ||
| 003 | ES-MaACL | ||
| 005 | 20250827232740.0 | ||
| 007 | t| | ||
| 008 | 020716s2001 sp f |||| | spa j | ||
| 020 | _a84-8432-178-9 | ||
| 080 | _a1(4)"18/19" | ||
| 080 | _a001(4)"18/19" | ||
| 100 | 1 |
_aBurrow, J. W. ( _d1935-2009) _9162635 |
|
| 245 | 1 | 3 |
_aLa crisis de la razón _b: el pensamiento europeo, 1848-1914 / _cJohn W. Burrow ; traducción de Jordi Beltrán. |
| 260 |
_aBarcelona : _bCrítica, _c[2001] |
||
| 300 |
_a358 p., [16] p. de lám ; _c23 cm. |
||
| 490 | 1 | _aLetras de humanidad | |
| 500 | _aÍndice. | ||
| 504 | _aBibliografía: p. 333-342. | ||
| 650 | 1 | 4 |
_aFilosofía- _zEuropa- _yS.XIX. _9160318 |
| 650 | 0 | 4 |
_aFilosofía- _zEuropa- _yS.XX. _912812 |
| 651 | 4 |
_aEuropa- _xVida intelectual- _yS.XIX. _9162621 |
|
| 651 | 4 |
_aEuropa- _xVida intelectual- _yS.XX. _9158924 |
|
| 700 | 1 |
_aBeltrán, Jordi ( _d1941-) _927364 |
|
| 830 | 0 | 0 |
_aLetras de humanidad (Crítica) _9180478 |
| 852 |
_aES-MaACL _jL-25844 |
||
| 999 |
_c19416 _d19416 |
||